Normal view
MARC view
- Murtaza, Dr Malik Ghulum
Entry Personal Name
001 - CONTROL NUMBER
- control field: 51132
003 - CONTROL NUMBER IDENTIFIER
- control field: NUST
005 - DATE AND TIME OF LATEST TRANSACTION
- control field: 20210314134920.0
008 - FIXED-LENGTH DATA ELEMENTS
- fixed length control field: 210314|| aca||aabn | a|a d
040 ## - CATALOGING SOURCE
- Original cataloging agency: NUST
- Transcribing agency: NUST
100 ## - HEADING--PERSONAL NAME
- Personal name: Murtaza, Dr Malik Ghulum
670 ## - SOURCE DATA FOUND
- Source citation: Work cat.: (NUST): Murtaza, Dr Malik Ghulum , انوار القران, 2009.
